Hong Kong Geography 2 - Statistics

General Stats
  • This quiz has been taken 61 times
    54 since last reset
  • The average score is 7 of 20
Answer Stats
Hint Answer % Correct
The constituency district of Ocean Park Southern
84%
The constituency district of Disneyland Tsuen Wan
74%
The MTR rail with the least stations Disneyland Resort
68%
The MTR rail with the most stations East Rail
63%
The largest island in Sai Kung District Kau Sai Chau
50%
The most populous district Shatin
50%
The soon-to-be first beach in Tai Po District Lung Mei Beach
47%
Name one of the two satellite cities Tsuen Wan or Kwun Tong
47%
The franchised bus route with most stations 53
39%
The first governor Henry Pottinger
24%
The duration of Japanese occupation 3 years and 8 months
21%
The infamously congested tunnel Cross Harbor Tunnel
21%
The franchised bus route with the longest distance N42A
16%
This island's only road access was blocked due to typhoon in 2017 Pearl Island
16%
The article signed by two countries before the handover (full name) Sino-British Joint Declaration
13%
The franchised bus route with most passengers 1A
11%
The collective alias of Hong Kong and three other Asian countries Four Asian Tigers
11%
The all-day franchised bus route with least station 71B
8%
The least populous district Outlying Islands
8%
The only marine reserve Cape D'Aguilar
5%
No matching quizzes found
Score Distribution
Percent of People with Each Score
Percentile by Number Answered
Your Score History
You have not taken this quiz since the last reset